|
|
|
|
| LEADER |
00000cam a22000004a 4500 |
| 001 |
musev2_8804 |
| 003 |
MdBmJHUP |
| 005 |
20230905041007.0 |
| 006 |
m o d |
| 007 |
cr||||||||nn|n |
| 008 |
900807s1991 wiu o 00 0 eng d |
| 010 |
|
|
|z 90045491
|
| 020 |
|
|
|a 9780299127633
|
| 020 |
|
|
|z 9780299127640
|
| 035 |
|
|
|a (OCoLC)680017397
|
| 040 |
|
|
|a MdBmJHUP
|c MdBmJHUP
|
| 050 |
0 |
4 |
|a QH81
|b .L557 1991
|
| 082 |
0 |
|
|a 333.9516
|2 20
|
| 100 |
1 |
|
|a Leopold, Aldo,
|d 1886-1948.
|
| 245 |
1 |
4 |
|a The River of the Mother of God :
|b and other Essays by Aldo Leopold /
|c by Aldo Leopold ; edited by Susan L. Flader and J. Baird Callicott.
|
| 264 |
|
1 |
|a Madison, Wis. :
|b University of Wisconsin Press,
|c 1991.
|
| 264 |
|
3 |
|a Baltimore, Md. :
|b Project MUSE,
|c 2012
|
| 264 |
|
4 |
|c ©1991.
|
| 300 |
|
|
|a 1 online resource (400 pages):
|b ill. ;
|
| 336 |
|
|
|a text
|b txt
|2 rdacontent
|
| 337 |
|
|
|a computer
|b c
|2 rdamedia
|
| 338 |
|
|
|a online resource
|b cr
|2 rdacarrier
|
| 500 |
|
|
|a Includes index.
|
| 504 |
|
|
|a "Publications of Aldo Leopold": p. 349-370.
|
| 588 |
|
|
|a Description based on print version record.
|
| 650 |
|
0 |
|a Natural history
|x Outdoor books.
|
| 650 |
|
0 |
|a Nature conservation.
|
| 655 |
|
7 |
|a Electronic books.
|2 local
|
| 700 |
1 |
|
|a Callicott, J. Baird.
|
| 700 |
1 |
|
|a Flader, Susan.
|
| 740 |
0 |
|
|a River of the mother of God.
|
| 710 |
2 |
|
|a Project Muse.
|e distributor
|
| 830 |
|
0 |
|a Book collections on Project MUSE.
|
| 856 |
4 |
0 |
|z Texto completo
|u https://projectmuse.uam.elogim.com/book/8804/
|
| 945 |
|
|
|a Project MUSE - Custom Collection
|
| 945 |
|
|
|a Project MUSE - Archive Complete Foundation
|
| 945 |
|
|
|a Project MUSE - Archive Literature Foundation
|